000 00703nam a2200241Ia 4500
003 OSt
005 20221006145406.0
006 a|||||r|||| 00| 0
007 ta
008 221006b |||||||| |||| 00| 0 eng d
020 _c
_1.50
024 _a14,695
037 _cTextual
040 _aEASL
_cEASL
_beng
041 _2eng
_aeng
082 _aO41,2(NR)N70,3, 111L2
100 _aCHINA BALLET TROUPE Co.
_9654294
245 0 _aRed detachment of women
_b A modern revolutionary ballet
260 _aPeking
_bForeign Language Press China
_c1972
300 _a169p.
_ccm.
942 _hO41,2(NR)N70,3, 111L2
_cTEXL
_2CC
999 _c1082781
_d1082781